00000000nas 2200000zi 4500
0019.947290
003CaOODSP
00520250303104653
006m     o  d f      
007cr |||||||||||
008250122d18671918oncar p o    f0###a0eng|d
040 |aCaOODSP|beng|erda|cCaOODSP
043 |an-cn---
0861 |aIu71E-PDF
1101 |aCanada. |bDepartment of Agriculture, |eauthor, |eissuing body.
24510|aReport of the Minister of Agriculture for the Dominion of Canada.
2463 |aAnnual report of the Minister of Agriculture for the Dominion of Canada
2463 |aReport of the Minister of Agriculture for the Province of Canada
24633|aCIPO annual report
264 1|aOttawa : |bKing's Printer, |c1867-1918.
336 |atext|btxt|2rdacontent
337 |acomputer|bc|2rdamedia
338 |aonline resource|bcr|2rdacarrier
3621 |aBegan with 1867; ceased with 1918.
500 |aPartial contents pertaining to patents of invention, copyrights, trade marks, industrial designs, and timber marks etc.
500 |aDigitized edition from print [produced by Innovation, Science and Economic Development Canada].
61010|aCanada.|bDepartment of Agriculture|vPeriodicals.
650 0|aPatents|zCanada|vPeriodicals.
650 0|aCopyright|zCanada|vPeriodicals.
650 0|aIntellectual property|zCanada|vPeriodicals.
650 6|aBrevets d'invention|zCanada|vPériodiques.
650 6|aDroit d'auteur|zCanada|vPériodiques.
650 6|aPropriété intellectuelle|zCanada|vPériodiques.
655 7|aPeriodicals|2lcgft
78500|tReport of the Commissioner of Patents for the fiscal year ending March 31.|w(CaOODSP)9.947263